000 00370 a2200169 4500
001 44828
020 _a8535706690
040 _cAnchieta - Aquarius
100 _aRoberto, Wilson
240 1 0 _aSofia e o bicho papinha
_lpor
245 1 0 _aSofia e o bicho papinha
300 _a23
362 0 _a2006
440 1 _aAtual
650 4 _aLiteratura infantil
942 _cBK
999 _c44828
_d44828